000 00735nam a2200205Ia 4500
003 GCL
008 140319s9999 xx 000 0 ara d
040 _aGCL /
_cGCL
082 0 4 _a810.809287
_bو ا
100 1 _aوجدان الصائغ
245 1 0 _aالانثى ومرايا النص :
_bمقاربة تاويلية لبلاغة الخطاب النسوى المعاصر /
_cوجدان الصائغ
250 _aالاولى
260 _aسوريا :
_bنينوى للدراسات والنشر والتوزيع ،
_c2004
300 _a266 ص ؛
_c24 سم
650 0 4 _aالشعر العربى
650 0 4 _aالادب العربى
650 0 4 _aالقصص العربية
650 0 4 _aادب النساء
942 _2ddc
_cBK
999 _c7405
_d7405